How many times can you type “hi” in 15 seconds? - Statistics

General Stats
  • This quiz has been taken 7,106 times
  • The average score is 46 of 100
Answer Stats
Times ‘Hi’ % Correct
1 Hi
100%
2 Hi
99%
3 Hi
99%
4 Hi
98%
5 Hi
97%
6 Hi
97%
7 Hi
96%
8 Hi
96%
9 Hi
95%
10 Hi
94%
11 Hi
93%
12 Hi
92%
13 Hi
92%
14 Hi
91%
15 Hi
90%
16 Hi
90%
17 Hi
89%
18 Hi
88%
19 Hi
88%
20 Hi
87%
21 Hi
85%
22 Hi
84%
23 Hi
83%
24 Hi
81%
25 Hi
80%
26 Hi
79%
27 Hi
77%
28 Hi
76%
29 Hi
75%
30 Hi
74%
31 Hi
72%
32 Hi
71%
33 Hi
69%
34 Hi
68%
35 Hi
67%
36 Hi
66%
37 Hi
64%
38 Hi
63%
39 Hi
61%
40 Hi
60%
41 Hi
58%
42 Hi
57%
43 Hi
55%
44 Hi
54%
45 Hi
52%
46 Hi
50%
47 Hi
48%
48 Hi
47%
49 Hi
45%
50 Hi
44%
51 Hi
42%
52 Hi
41%
53 Hi
39%
54 Hi
38%
55 Hi
37%
56 Hi
35%
57 Hi
33%
58 Hi
32%
59 Hi
30%
60 Hi
29%
61 Hi
27%
62 Hi
26%
63 Hi
25%
64 Hi
23%
65 Hi
22%
66 Hi
21%
67 Hi
20%
68 Hi
19%
69 Hi
17%
70 Hi
16%
71 Hi
15%
72 Hi
14%
73 Hi
13%
74 Hi
12%
75 Hi
12%
76 Hi
11%
77 Hi
10%
78 Hi
10%
79 Hi
9%
80 Hi
9%
81 Hi
9%
82 Hi
8%
83 Hi
7%
84 Hi
7%
85 Hi
7%
86 Hi
6%
87 Hi
6%
88 Hi
6%
89 Hi
6%
90 Hi
6%
91 Hi
5%
92 Hi
5%
93 Hi
5%
94 Hi
5%
95 Hi
5%
96 Hi
4%
97 Hi
4%
98 Hi
4%
99 Hi
4%
100 Hi
4%
No matching quizzes found
Score Distribution
Percent of People with Each Score
Percentile by Number Answered
Your Score History
You have not taken this quiz